00261nam a2200097Ia 4500008004100000100000900041245006000050260002900110942000700139999001700146190216s9999||||xx |||||||||||||| ||und|| aNull 0aHindi-Hindi Typewriting Pareeksha And Karyalay Sahayika bMac Millian And Com. Ltd cBK c17555d17555